| 000 | 00464nam a2200169Ia 4500 | ||
|---|---|---|---|
| 999 |
_c95 _d95 |
||
| 003 | OSt | ||
| 005 | 20210901123724.0 | ||
| 008 | 190216s9999||||xx |||||||||||||| ||und|| | ||
| 040 | _coclc | ||
| 082 |
_a297 _bSAB/A |
||
| 100 |
_aSabique, Sayyid _91947 |
||
| 245 | 0 |
_aAl Adathul Ijlimaiyyah / _cSayyid Sabique |
|
| 260 |
_bAl Mathbahathul Kaslookiya, _aByroot: |
||
| 300 | _a295p | ||
| 650 | _aArabic | ||
| 942 |
_cBK _2ddc _h297 _iSAB/A _k297 _mSAB/A |
||